| 000 | 00765nam a2200229 a 4500 | ||
|---|---|---|---|
| 005 | 20240228064344.0 | ||
| 008 | 140626s2009 mx r 000 0 spa d | ||
| 020 | _a9788484833864 | ||
| 035 | _aUPN01000198369 | ||
| 049 | _aI | ||
| 050 | 4 |
_aPZ41 _bM3.8 |
|
| 100 | 1 |
_aMasini, Beatrice, _d1962- _935606 |
|
| 245 | 1 | 0 |
_aVida secreta de las mamás / _cBeatrice Masini ; il. Alina Marais ; tr. Ana Belén Valverde Elices. |
| 260 |
_aMadrid : _bLaberinto, _c2009. |
||
| 300 |
_a[26] p. : _bil. col. |
||
| 440 | 0 |
_aAlbum ilustrado. _pA partir de 4 años |
|
| 534 |
_pTítulo original: _tVita segreta delle mamme |
||
| 650 | 4 |
_aLiteratura infantil italiana _911122 |
|
| 650 | 4 |
_aMadres e hijos _vLiteratura infantil _912201 |
|
| 905 | _aInfantil | ||
| 999 |
_c170470 _d170470 |
||